Aplikácia kvalitatívnej výskumnej stratégie v analýze edukačných potrieb

Bibliographic Details
Main Author: Bontová, Andrea (Author)
Format: Article
Language:Slovak
Subjects:

MARC

LEADER 00000naa a2200000 4500
001 vtls011996372
003 SK-MaSNL
005 20260302142158.0
008 201007|2010 xo f|| |0|| ||slo
015 |a SNBRA 2015  |2 svkbbbg 
038 |a SVKBBBG 
040 |a SVKBBBG  |b slo  |c SVKBBBG  |e rda 
041 0 |a slo  |b eng 
044 |a xo  |c SK 
072 7 |a 374  |x Výchova a vzdelávanie dospelých. Mimoškolská výchova a vzdelávanie  |2 konspekt 
072 7 |a 377  |x Odborné vzdelávanie  |2 konspekt 
080 |a 37.013.83  |2 2011 
080 |a 303.022  |2 2011 
080 |a 377:005  |2 2011 
080 |a 334.012.61-022.5  |2 2011 
100 1 |a Bontová, Andrea  |4 aut  |9 493108 
245 1 0 |a Aplikácia kvalitatívnej výskumnej stratégie v analýze edukačných potrieb  |c Andrea Bontová 
336 |a text  |b txt  |2 rdacontent 
337 |a bez média  |b n  |2 rdamedia 
338 |a zväzok  |b nc  |2 rdacarrier 
504 |a Bibliografia na strane 76-78 ; bibliografické odkazy 
546 |a Anglické resumé 
650 0 7 |a andragogika  |2 SNKPH  |9 67508 
650 0 7 |a kvalitatívny výskum  |2 SNKPH  |9 71828 
650 0 7 |a manažérske vzdelávanie  |2 SNKPH  |9 71438 
650 0 7 |a malé podniky  |2 SNKPH  |9 2191 
773 0 |t Analýza vzdelávacích potrieb vybraných cieľových skupín : profesijná andragogika  |d Banská Bystrica : Univerzita Mateja Bela, 2010  |g S. 64-78  |z 9788055701196 
852 |a SVKBB  |b KIS3GCP 
958 |a NB 
999 |c 1338321  |d 1340251